| 000 | 00570nam a22001937a 4500 | ||
|---|---|---|---|
| 005 | 20171214122402.0 | ||
| 010 | _aENG-121875 | ||
| 020 |
_a9789380930930 _c1195.00 |
||
| 035 | _aEN-105407 | ||
| 037 | _bDBAD/PUB | ||
| 082 | _a070.4 | ||
| 100 | _aSoni,Sudhir | ||
| 245 |
_aHandbook of journalism and mass communication / _cby Sudhir Soni |
||
| 260 |
_aJaipur _bYking books _c2013 |
||
| 270 |
_aH.O:18,Jain bhawan,opp.N.B.C.,Shanti nagar _bJaipur _e302006 |
||
| 300 |
_ax,318p. _c23cm(Hbk) |
||
| 700 | _aSoni,Sudhir | ||
| 942 |
_2ddc _cEN _h070.4 _mSON |
||
| 999 |
_c147989 _d147989 |
||